Marvel Mystic Mayhem Playable Heroes - Statistics

General Stats
  • This quiz has been taken 14 times
  • The average score is 11 of 22
Answer Stats
Answer % Correct
Hulk
91%
Iron Man
91%
Scarlet Witch
82%
Thor
82%
Doctor Strange
73%
Spider-Man
64%
Emma Frost
45%
Moon Girl
45%
Moon Knight
45%
Storm
45%
Angela
36%
Armor
36%
Black Knight
36%
Devil Dino
36%
Doppelganger
36%
Juggernaut
36%
Man-Thing
36%
Mister Negative
36%
Misty Knight
36%
Psylocke
36%
Sleepwalker
36%
Lady Bullseye
27%
No matching quizzes found
Score Distribution
Percent of People with Each Score
Percentile by Number Answered
Your Score History
You have not taken this quiz